Marketing podniku pôsobiaceho v sieťovom odvetví diplomová práca

Na minha lista:
Detalhes bibliográficos
Autor principal: Gemeran, Lukáš
Autor Corporativo: Obchodná fakulta EU. Katedra marketingu
Outros Autores: Hanuláková, Eva, 1964-
Formato: Livro
Idioma:eslovaco
Publicado em: Bratislava 2009
Tags: Adicionar Tag
Sem tags, seja o primeiro a adicionar uma tag!

MARC

LEADER 00000nam$a2200000$$$4500
001 0097921
005 20240318135414.4
041 0 |a slo 
044 |a SK 
245 1 0 |a Marketing podniku pôsobiaceho v sieťovom odvetví  |b diplomová práca  |c Lukáš Gemeran ; škol. Eva Hanuláková 
264 1 |a Bratislava  |c 2009 
300 |a 114 s. 
100 1 |a Gemeran, Lukáš 
700 1 |a Hanuláková, Eva, 1964- 
710 2 |a Obchodná fakulta EU. Katedra marketingu